000 00531cam a2200169 4500500
005 20260329003727.0
041 _afre
042 _adc
100 1 0 _aLacroix, Alexandre
_eauthor
245 0 0 _aDe la difficulté d’aimer la politique
260 _c2016.
500 _a90
690 _aAlexandre Lacroix
690 _aPolitique
786 0 _nPhilosophie magazine | 104 | 11 | 2016-11-01 | p. 1-1 | 1951-1787
856 4 1 _uhttps://shs.cairn.info/magazine-philosophie-magazine-2016-11-page-1?lang=fr&redirect-ssocas=7080
999 _c1827107
_d1827107